000 00563 a2200217 4500
005 20260214110745.0
008 260212b |||||||| |||| 00| 0 eng d
020 _a9780470659472
_c$ 75.00
040 _aMAIN
082 _a636.0896
_bR969F
100 _aRycroft, Andrew N
110 _a
245 _aFundamentals of veterinary microbiology
260 _bJohn Wiley
_c2024
_aWest sussex
300 _axix, 220
650 _aMicrobiology
650 _aAnimal Husbandry
650 _aVeterinary Medicine
650 _aMicrobial Diseases
942 _cBK
999 _c395818
_d395818